| 000 | 00960nam a2200217Ia 4500 | ||
|---|---|---|---|
| 999 |
_c55970 _d55970 |
||
| 001 | 23069 | ||
| 003 | GE_BSU | ||
| 005 | 20230707105220.0 | ||
| 008 | 181216s1962||||ge |||||||||||||| ||geo|| | ||
| 040 | _cGE_BSU | ||
| 041 | _ageo | ||
| 080 | _a821.14'01 ქ-15 | ||
| 100 |
_aქავთარაძე, პ. _919187 |
||
| 245 |
_aთარგმანები : _bბერძენი და რომაელი ავტორები / _cპ. ბერიძის რედ. და შენიშვნებით ; გ. ქიქოძის წინასიტყვაობით. |
||
| 264 |
_aთბილისი : _bსაბჭ. საქართველო, _c1962. |
||
| 300 |
_a251 გვ. ; _c22 სმ. |
||
| 541 | _h2ლ. | ||
| 653 | _aანტიკური სამყარო | ||
| 653 | _aთარგმანები : ბერძენი და რომაელი ავტორები | ||
| 942 |
_cBK _2udc |
||